=LDR 00000nam 2200000 4500 =001 INLIS000000000039512 =005 20130612145133 =008 ***********************************Ind** =035 ##$$a0010-061300000039512 =041 ##$$a Ind =082 ##$$a 641.104 2 =090 ##$$a 641.104 2, Apr m =100 ##$$a Apriadji, Wied Harry =245 ##$$a Makan Enak Untuk Hidup Sehat, Bahagia, Awet Muda, Wied Harry Apriadji =260 ##$$a 2007 $b Jakarta =300 ##$$a 103 Hlm, 23 Cm =850 ##$$a NBPNMAT =990 ##$$a 90472/BPAP-NTB/2014